| 000 | 00457ntaaa2200181 4500 | ||
|---|---|---|---|
| 003 | 01 | ||
| 005 | 20251027202847.0 | ||
| 008 | 0714s1973 ag 01 | ||
| 040 |
_aAR-BaBN _bspa _cAR-BaBN _eaacr _dRIC |
||
| 082 | _a269.0000 H65 | ||
| 100 | _aHobbs, Herschel H | ||
| 245 | _aNew Testament evangelism | ||
| 250 | _a1 ed. | ||
| 260 |
_aNashville : _bConvention Press, _cc1960 |
||
| 300 | _a130 p | ||
| 650 |
_aevangelismo-neotestamentario _929176 |
||
| 942 | _cBK | ||
| 999 |
_c23979 _d23979 |
||